000 00438nam a22001697a 4500
005 20240403112707.0
010 _aENG-140016
020 _a9788175994546
_c1199.00
035 _aEN-123548
037 _bDBAD/PUB
100 _aJoyce,James
_964250
245 _aUlysses/
_cBy James Joyce
260 _aNew Delhi
_bClassics
270 _a113/A,Darya Ganj,
_bNew DELHI
_e110002
300 _a800pg;
_c20cm(Pb)
942 _2ddc
_cEN
_hN
_mJOY
999 _c201897
_d201897